000 00784nam a2200289Ia 4500
005 20260324111555.0
008 008 260324s9999 xx 000 0 eng d
020 _a9781003586944
037 _aEBOOK
040 _aCRL
040 _beng
040 _cCRL
041 _2eng
041 _aeng
084 _qCRL
100 _aJoanna Paliszkiewicz; Jerzy Gołuchowski; Magdalena Mądra-Sawicka; Kuanchin Chen
_91139123
245 0 _aBuilding Trust in the Generative Artificial Intelligence Era
245 0 _bTechnology Challenges and Innovations
260 _bTaylor and Francis
260 _c2025
365 _a
365 _b230
856 _uhttp://www.taylorfrancis.com/books/9781003586944
942 _cEBOOK
999 _c1727999
_d1727999